000 00512nam a2200181Ia 4500
005 20250317123024.0
008 008 250317s9999 xx 000 0 eng d
037 _aTextbook
040 _aFMSL
_beng
_cFMSL
041 _aeng
_2eng
084 _aX(B) N5
_qFMSL
100 _aVan Voorhis TO Topp
_9739914
245 0 _aFundamentals of business mathematics
260 _aUS
_bUS, Prentice-Hall
_c1955
300 _a452p
942 _cTB
_hX(B) N5
999 _c1249538
_d1249538